000
nam a22 7a 4500
999
_c
47169
_d
47169
003
OSt
005
20190506113104.0
008
190506b xxu||||| |||| 00| 0 eng d
040
_c
sero soft
100
_a
Mrunalni.T
245
_a
Education and electronic media
260
_a
Delhi
_b
APH
300
_a
263
942
_2
ddc
_c
01